000 00516nam a2200193Ia 4500
005 20250508160731.0
008 008 250505s9999 xx 000 0 eng d
037 _aTextual
040 _aFEDL
_beng
_cFEDL
041 _aeng
_2eng
084 _a370, EBB
_qFEDL
100 _aEbbeck F.N. Ed.
_9769226
245 0 _aEducation and the child
260 _aGeorge Street
_bAngus and Roberston
_c1971
300 _a152p.
650 _aEducation
942 _cTEXL
_h370, EBB
999 _c1366308
_d1366308